LIBRARY & INFORMATION CENTRE, KCAET, TAVANUR

ONLINE PUBLIC ACCESS CATALOGUE (OPAC)

Viswavinjana kosam / (Record no. 17993)

MARC details
000 -LEADER
fixed length control field 00244nam a22001097a 4500
003 - CONTROL NUMBER IDENTIFIER
control field OSt
008 - FIXED-LENGTH DATA ELEMENTS--GENERAL INFORMATION
fixed length control field 231116b |||||||| |||| 00| 0 eng d
041 ## - LANGUAGE CODE
Language code of text/sound track or separate title mal
100 ## - MAIN ENTRY--AUTHOR NAME
Personal name Bhaskara Kuruppu, P.T
245 ## - TITLE STATEMENT
Title Viswavinjana kosam /
942 ## - ADDED ENTRY ELEMENTS (KOHA)
Koha item type Books
Holdings
Withdrawn status Lost status Damaged status Home library Current library Date acquired Accession Number Koha item type
      KAUAET KAUAET 16/11/2023 12948 Books
free website counter